Základy teoretickej a aplikovanej informatiky /

Main Author: Hanuliak, Ivan, 1946-
Corporate Author: Evropský polytechnický institut
Other Authors: Hanuliak, Peter, Petrucha, Jindřich, 1959-
Language: Slovak
Published: Kunovice : Evropský polytechnický institut, 2013
Edition: 1. vyd.
Series: Odborné knižní publikace
Subjects:
Physical Description: 218 s. : il. ; 21 cm
Book
Saved in:
LEADER 01846cam a2200481 a 4500
001 nkc20142603741
003 CZ PrNK
005 20141002133234.0
007 ta
008 140313s2013 xr a f 000 0 slo d
015 |a cnb002603741 
020 |a 978-80-7314-292-6  |q (brož.) 
035 |a (OCoLC)894843363 
040 |a ZLG001  |b cze  |d OLA001  |d ABA001 
072 7 |a 004  |x Počítačová věda. Výpočetní technika. Informační technologie  |2 Konspekt  |9 23 
080 |a 007+004  |2 MRF 
080 |a 004  |2 MRF 
080 |a (048.8)  |2 MRF 
100 1 |a Hanuliak, Ivan,  |d 1946-  |7 jx20050929028  |4 aut 
245 1 0 |a Základy teoretickej a aplikovanej informatiky /  |c Ivan Hanuliak, Peter Hanuliak, Jindřich Petrucha 
250 |a 1. vyd. 
260 |a Kunovice :  |b Evropský polytechnický institut,  |c 2013 
300 |a 218 s. :  |b il. ;  |c 21 cm 
490 1 |a Odborné knižní publikace 
500 |a Nad názvem: Evropský polytechnický institut, s.r.o., 1. soukromá vysoká škola na Moravě 
500 |a 20 výt. 
500 |a Terminologický slovník 
504 |a Obsahuje bibliografii a bibliografické odkazy 
650 0 7 |a informatika  |7 ph137095  |2 czenas 
650 0 7 |a výpočetní technika  |7 ph137273  |2 czenas 
650 0 9 |a informatics  |2 eczenas 
650 0 9 |a computer technology  |2 eczenas 
655 7 |a monografie  |7 fd132842  |2 czenas 
655 9 |a monographs  |2 eczenas 
700 1 |a Hanuliak, Peter  |7 pna2012737336  |4 aut 
700 1 |a Petrucha, Jindřich,  |d 1959-  |7 mzk2005273122  |4 aut 
710 2 |a Evropský polytechnický institut  |7 kn20031015009 
810 2 |a Evropský polytechnický institut.  |t Odborné knižní publikace  |0 s 
910 2 |a BOA001  |b 2-1332.001 
990 |a BK 
995 |a 01 
991 |b 201410  |c NOV  |e n 
996 6 |b 2610604799  |c 2-1332.001  |l MZK  |r Sklad / do 1 hodiny  |n 2  |p p.v.  |w 001456266  |u 000010  |a 1  |e BOA001  |j MZK50  |s P